La australia argentina : tomo i /
Guardado en:
| Autor Principal: | |
|---|---|
| Formato: | Libro |
| Publicado: |
Buenos Aires :
Minerva, s/f
|
| Edición: | 5a. ed. |
| Materias: | |
| Etiquetas: |
Agregar Etiqueta
Sin Etiquetas, Sea el primero en etiquetar este registro!
|
| LEADER | 00588nam a22002055a 4500 | ||
|---|---|---|---|
| 001 | CEM.cems004948 | ||
| 005 | 20101123102832.0 | ||
| 008 | 130507b######################000#0#####d | ||
| 003 | CEMS | ||
| 082 | 0 | 4 | |a A868.3 |
| 100 | 1 | |a Payró, Roberto J. | |
| 245 | 1 | 0 | |a La australia argentina : |b tomo i / |c Roberto J. Payró |
| 250 | |a 5a. ed. | ||
| 260 | |a Buenos Aires : |b Minerva, s/f | ||
| 300 | |a 351 p. | ||
| 653 | |a Literatura | ||
| 653 | |a Literatura argentina | ||
| 653 | |a Cuentos | ||
| 653 | |a Cuento argentino 1889-1910 | ||
| 859 | |a CEMS |b BIB. CEMS - 11 de abril |h A868.3 |i P295-4a5 |p 9145.81 |t Ej.1 |v I |3 I | ||
